| 000 | 00257nam a22000857a 4500 | ||
|---|---|---|---|
| 999 |
_c23347 _d23347 |
||
| 003 | Nust | ||
| 005 | 20170410154256.0 | ||
| 008 | 130411b xxu||||| |||| 00| 0 eng d | ||
| 020 | _a8178083736 | ||
| 040 |
_aDLC _bDLC _cRCMS |
||
| 082 |
_22nd Ed _a621.382 SKL |
||
| 100 | _aBernard Sklar | ||
| 245 | _aDigital Communications : Fundamentals and Applications | ||
| 250 | _a2nd, ed. | ||
| 260 |
_aIndia _bPearson Education, Inc _cc2001. |
||
| 300 |
_axxiv, 1079 p. : _bill, ; _c26 cm. |
||
| 538 | _iShelf # 15, Row # 1, Communication. | ||
| 650 | _aDigital Communication | ||
| 856 | _3Table of Contents Only. | ||
| 942 |
_2ddc _cBK _k621.382 SKL |
||